01936cam a2200181Ia 4500020001800000020001500018040001000033082002600043245015100069260007600220300004900296490004700345520121300392650001501605700001901620710006101639856005401700 a9789251064252 a9251064253 cBTCTA a333 FOO 2010 A016 Or.00aQuality declared planting material :bprotocols and standards for vegetatively propagated crops : expert consultation, Lima, 27-29 November 2007 / aRome :bFood and Agriculture Organization of the United Nations,c2010. axvi, 126 p. :bill. (chiefly col.) ;c25 cm.1 aFAO plant production and protection paper, aSeed and planting material available to small-scale farmers in many developing countries is often of insufficient quality, which undermines potential yield and performance of crop production. In 1993, the FAO Plant Production and Protection Division (AGP) initiated an expert consultation that produced technical guidelines on standards and procedures for quality seeds, known as the quality declared seed (QDS) system. QDS, as a quality assurance scheme for seed production, is less demanding than full quality control systems and, thus, can be more easily implemented in situations where resources are limited. However, crop species propagated by diverse vegetative structures such as setts, stem cuttings, tubers, suckers, corms and others have not been included in QDS, even though some of these species are of major importance for agricultural production and food security. Many of these crops, such as yam, cassava and sweetpotato, belong to tropical or subtropical agricultural systems and are staple foods in many developing countries. This publication presents protocols and standards for the production of quality planting material of the most important vegetatively reproduced crops.--Preface 0aFood crops1 aFajardo, Juan.2 aFood and Agriculture Organization of the United Nations.40uhttp://www.fao.org/docrep/013/i1195e/i1195e00.pdf